Quem mexeu no meu queijo? (Registo nº 1841)

Detalhes MARC
000 -Etiqueta do registo
Cabeçalho 01053nam a22003251 4500
005 - Identificador da versão
Campo de controlo 20240813121917.0
010 ## - Número internacional normalizado dos livros (ISBN)
Número (ISBN) 9727115802
021 ## - Número do Depósito Legal
Código do país PT
Número 200099/03
100 ## - Dados gerais de processamento
Dados gerais de processamento 20070626d2004 cd y0pory5003 ba
102 ## - Pais de publicação ou produção
País de publicação Portugal
101 1# - Língua de publicação
Língua do texto, banda sonora, etc. Português
Língua do documento no original Inglês
106 ## - Campo de dados codificados: material textual
Dados codificados do material textual r
105 ## - Campo de dados codificados: livros
Dados codificados dos livros a z 000fy
215 ## - Descrição física 
Indicação específica da natureza do documento e extensão da espécie 61 p.
Outras indicações físicas muito il.
Dimensões 24 cm
200 1# - Titulo e menção de responsabilidade
Título próprio Quem mexeu no meu queijo?
Informação de outro título para crianças
-- uma maneira fantástica de mudar e vencer
Primeira menção de responsabilidade Dr. Spencer Johnson
Outras menções de responsabilidade il. Steve Pileggi
-- trad. Rita Figueiredo
205 ## - Menção da edição
Menção da edição 1ª reimp.
210 ## - Publicação, Distribuição, etc. 
Lugar da edição, distribuição, etc. Cascais
Nome do editor, distribuidor, etc. Pergaminho
Data da publicação, distribuição, etc. reimp. 2004
304 ## - Notas relativas a título e menção de responsabilidade 
Texto da nota Tít. orig.: Who moved my cheese?
606 ## - Nome comum usado como assunto
Número de registo de entrada de autoridade 0000001
Palavra de ordem Literatura estrangeira infantil
Subdivisão de assunto Conto
Número de registo de entrada de autoridade 0000369
Palavra de ordem Psicologia infantil
Subdivisão de assunto Auto-ajuda
675 ## - Classificação Decimal Universal (CDU)
Notação 82-34
Edição
Língua da edição por
702 #1 - Nome de autor-pessoa física (responsabilidade secundária)
Número de registo de entrada de autoridade 0000371
Palavra de ordem Pileggi
Outra parte do nome não tomada para palavra de ordem Steve
Código de função Ilustrador / Técnico de desenho computorizado
Número de registo de entrada de autoridade 0000372
Palavra de ordem Figueiredo
Outra parte do nome não tomada para palavra de ordem Rita
Código de função Tradutor
700 #1 - Nome de autor-pessoa física (responsabilidade principal)
Número de registo de entrada de autoridade 0000370
Palavra de ordem Johnson
Outra parte do nome não tomada para palavra de ordem Spencer
Elementos de identificação ou distinção Dr.
942 ## - Elementos de entrada adicionados (Koha)
Tipo de item no Koha Livro
Exemplares
Situação do levantamento Origin of item (home branch) (coded) Biblioteca de empréstimo Código de barras Cota Circulation type (not for loan) Tipo de documento Nota do exemplar Damaged status
  Biblioteca Escolar da Coca Maravilhas Biblioteca Escolar da Coca Maravilhas BECM8153/07 8EST JOH   Livro Sem mensagem